European sovereign states that recognize the Armenian genocide - Statistics

General Stats
  • This quiz has been taken 1,617 times
    1,320 since last reset
  • The average score is 15 of 20
Answer Stats
Country % Correct
France
93%
Germany
93%
Sweden
88%
Italy
87%
Greece
85%
Russia
85%
Portugal
83%
Belgium
82%
Netherlands
81%
Poland
81%
Austria
78%
Switzerland
75%
Bulgaria
73%
Czech Republic
73%
Slovakia
73%
Luxembourg
70%
Latvia
68%
Lithuania
68%
Vatican City
58%
Cyprus
44%
No matching quizzes found
Score Distribution
Percent of People with Each Score
Percentile by Number Answered
Your Score History
You have not taken this quiz since the last reset